00397nam a2200109Ia 4500008004100000041000800041082000800049100011200057245005900169260005100228300000800279221007s9999 xx 000 0 und d aeng bVYA aVyavahare Renuka J - 2k141147; Dr.Sonali Parchure - Guide & [Company Name] - Janata Sahakari Bank Ltd.,Pune aAnti Money Laundering at Janata Sahakari Bank LTD.Pune cSep-15bSavitribai Phule Pune UniversityaPune a46p